New dimensions in african history (Record no. 2030)

000 -LEADER
fixed length control field 00602nam a22002057a 4500
003 - CONTROL NUMBER IDENTIFIER
control field OSt
005 - DATE AND TIME OF LATEST TRANSACTION
control field 20160202153153.0
008 - FIXED-LENGTH DATA ELEMENTS--GENERAL INFORMATION
fixed length control field 160202b xxu||||| |||| 00| 0 eng d
020 ## - INTERNATIONAL STANDARD BOOK NUMBER
International Standard Book Number 0865432279
050 ## - LIBRARY OF CONGRESS CALL NUMBER
Classification number DT20.B46 1991
100 ## - MAIN ENTRY--PERSONAL NAME
Personal name Clerk, Henrick John
245 ## - TITLE STATEMENT
Title New dimensions in african history
Statement of responsibility, etc Edited by John Henrick Clerke
260 ## - PUBLICATION, DISTRIBUTION, ETC. (IMPRINT)
Place of publication, distribution, etc Trenton
Name of publisher, distributor, etc Africa world press inc.
Date of publication, distribution, etc 1991
300 ## - PHYSICAL DESCRIPTION
Extent vii, 220p,
500 ## - GENERAL NOTE
General note includes bibliographical references.
650 ## - SUBJECT ADDED ENTRY--TOPICAL TERM
Topical term or geographic name as entry element African history
650 ## - SUBJECT ADDED ENTRY--TOPICAL TERM
Topical term or geographic name as entry element Science, Invention abd Technology
700 ## - ADDED ENTRY--PERSONAL NAME
Personal name Jochnnan, Yosef ben
942 ## - ADDED ENTRY ELEMENTS (KOHA)
Source of classification or shelving scheme
Koha item type Book
Holdings
Withdrawn status Lost status Source of classification or shelving scheme Damaged status Not for loan Home library Current library Shelving location Date acquired Total Checkouts Full call number Barcode Date last seen Copy number Price effective from Koha item type
          Riara University Library Riara University Library General stack 02/02/2016   DT20.B46 1991 6801/16 02/02/2016 C.1 02/02/2016 Book

Riara University Library,
P.O. Box 49940-00100,
Nairobi, Kenya.